Ballon d'Or top 3 since 1956 - Statistics

General Stats
  • This quiz has been taken 65 times
  • The average score is 145 of 211
Answer Stats
Year Position Club Nationality Player % Correct
2023 2 Man City Norway Erling Haaland
98%
2007 3 Barcelona Argentina Lionel Messi
98%
2008 2 Barcelona Argentina Lionel Messi
98%
2009 1 Barcelona Argentina Lionel Messi
98%
2010 1 Barcelona Argentina Lionel Messi
98%
2011 1 Barcelona Argentina Lionel Messi
98%
2012 1 Barcelona Argentina Lionel Messi
98%
2013 2 Barcelona Argentina Lionel Messi
98%
2014 2 Barcelona Argentina Lionel Messi
98%
2015 1 Barcelona Argentina Lionel Messi
98%
2016 2 Barcelona Argentina Lionel Messi
98%
2017 2 Barcelona Argentina Lionel Messi
98%
2019 1 Barcelona Argentina Lionel Messi
98%
2021 1 BarcelonaPSG Argentina Lionel Messi
98%
2023 1 Inter Miami Argentina Lionel Messi
98%
2010 2 Barcelona Spain Andres Iniesta
96%
2012 3 Barcelona Spain Andres Iniesta
96%
2007 2 Man Utd Portugal Cristiano Ronaldo
96%
2008 1 Man Utd Portugal Cristiano Ronaldo
96%
2009 2 Man UtdReal Madrid Portugal Cristiano Ronaldo
96%
2011 2 Real Madrid Portugal Cristiano Ronaldo
96%
2012 2 Real Madrid Portugal Cristiano Ronaldo
96%
2013 1 Real Madrid Portugal Cristiano Ronaldo
96%
2014 1 Real Madrid Portugal Cristiano Ronaldo
96%
2015 2 Real Madrid Portugal Cristiano Ronaldo
96%
2016 1 Real Madrid Portugal Cristiano Ronaldo
96%
2017 1 Real Madrid Portugal Cristiano Ronaldo
96%
2018 2 Real MadridJuventus Portugal Cristiano Ronaldo
96%
2019 3 Juventus Portugal Cristiano Ronaldo
96%
2024 3 Real Madrid England Jude Bellingham
96%
2023 3 PSG France Kylian Mbappe
96%
2018 1 Real Madrid Croatia Luka Modric
96%
2015 3 Barcelona Brazil Neymar
96%
2017 3 BarcelonaPSG Brazil Neymar
96%
1996 2 PSVBarcelona Brazil Ronaldo
96%
1997 1 BarcelonaInter Brazil Ronaldo
96%
1998 3 Inter Brazil Ronaldo
96%
2002 1 InterReal Madrid Brazil Ronaldo
96%
2024 2 Real Madrid Brazil Vinicius Jr
96%
2009 3 Barcelona Spain Xavi
96%
2010 3 Barcelona Spain Xavi
96%
2011 3 Barcelona Spain Xavi
96%
2016 3 Atletico Madrid France Antoine Griezmann
94%
2018 3 Atletico Madrid France Antoine Griezmann
94%
2022 3 Man City Belgium Kevin De Bruyne
94%
2025 2 Barcelona Spain Lamine Yamal
94%
2025 1 PSG France Ousmane Dembele
94%
2021 2 Bayern Munich Poland Robert Lewandowski
94%
2024 1 Man City Spain Rodri
94%
2004 3 Barcelona Brazil Ronaldinho
94%
2005 1 Barcelona Brazil Ronaldinho
94%
2022 2 Liverpool Senegal Sadio Mane
94%
2005 2 Chelsea England Frank Lampard
92%
2007 1 AC Milan Brazil Kaka
92%
2022 1 Real Madrid France Karim Benzema
92%
2014 3 Bayern Munich Germany Manuel Neuer
92%
1994 3 AC Milan Italy Paolo Maldini
92%
2003 3 AC Milan Italy Paolo Maldini
92%
2003 2 Arsenal France Thierry Henry
92%
2006 3 Arsenal France Thierry Henry
92%
2019 2 Liverpool Netherlands Virgil van Dijk
92%
2006 1 JuventusReal Madrid Italy Fabio Cannavaro
90%
2008 3 Liverpool Spain Fernando Torres
90%
2000 1 BarcelonaReal Madrid Portugl Luis Figo
90%
1969 2 Cagliari Italy Gigi Riva
88%
1970 3 Cagliari England Gigi Riva
88%
2001 1 Liverpool England Michael Owen
88%
1999 1 Barcelona Brazil Rivaldo
88%
2005 3 Liverpool England Steven Gerrard
88%
2013 3 Bayern Munich France Franck Ribery
86%
2021 3 Chelsea Italy Jorginho
86%
1988 1 AC Milan Netherlands Marco van Basten
86%
1989 1 AC Milan Netherlands Marco van Basten
86%
1992 1 AC Milan Netherlands Marco van Basten
86%
2001 3 Bayern Munich Germany Oliver Kahn
86%
2002 3 Bayern Munich Germany Oliver Kahn
86%
1999 3 Dynamo KyivAC Milan Ukraine Andriy Shevchenko
84%
2000 3 AC Milan Ukraine Andriy Shevchenko
84%
2004 1 AC Milan Ukraine Andriy Shevchenko
84%
1999 2 Man Utd England David Beckham
84%
2006 2 Juventus Italy Gianluigi Buffon
84%
2003 1 Juventus Czechia Pavel Nedved
84%
2025 3 PSG Portugal Vitinha
84%
1997 3 Juventus France Zinedine Zidane
84%
1998 1 Juventus France Zinedine Zidane
84%
2000 2 Juventus France Zinedine Zidane
84%
1995 1 PSGAC Milan Liberia George Weah
82%
1966 1 Man Utd England Bobby Charlton
80%
1967 2 Man Utd England Bobby Charlton
80%
1968 2 Man Utd England Bobby Charlton
80%
1969 3 Bayern Munich West Germany Gerd Muller
80%
1970 1 Bayern Munich West Germany Gerd Muller
80%
1972 2 Bayern Munich West Germany Gerd Muller
80%
1973 3 Bayern Munich West Germany Gerd Muller
80%
1971 1 Ajax Netherlands Johan Cruyff
80%
1972 3 Ajax Netherlands Johan Cruyff
80%
1973 1 AjaxBarcelona Netherlands Johan Cruyff
80%
1974 1 Barcelona Netherlands Johan Cruyff
80%
1975 3 Barcelona Netherlands Johan Cruyff
80%
2001 2 Real Madrid Spain Raul
80%
1992 2 Barcelona Bulgaria Hristo Stoichkov
78%
1994 1 Barcelona Bulgaria Hristo Stoichkov
78%
2002 2 Real Madrid Brazil Roberto Carlos
78%
1996 3 Blackburn Newcastle England Alan Shearer
76%
1956 2 Real Madrid Spain Alfredo Di Stefano
76%
1957 1 Real Madrid Spain Alfredo Di Stefano
76%
1959 1 Real Madrid Spain Alfredo Di Stefano
76%
1966 3 Bayern Munich West Germany Franz Beckenbauer
76%
1972 1 Bayern Munich West Germany Franz Beckenbauer
76%
1974 2 Bayern Munich West Germany Franz Beckenbauer
76%
1975 2 Bayern Munich West Germany Franz Beckenbauer
76%
1976 1 Bayern Munich West Germany Franz Beckenbauer
76%
1968 1 Man Utd Northern Ireland George Best
76%
1971 3 Man Utd Northern Ireland George Best
76%
1987 1 AC Milan Netherlands Ruud Gullit
76%
1988 2 AC Milan Netherlands Ruud Gullit
76%
1962 2 Benfica Portugal Eusebio
75%
1965 1 Benfica Portugal Eusebio
75%
1966 2 Benfica Portugal Eusebio
75%
1977 3 Nancy France Michel Platini
75%
1980 3 Saint-Etienne France Michel Platini
75%
1983 1 Juventus France Michel Platini
75%
1984 1 Juventus France Michel Platini
75%
1985 1 Juventus France Michel Platini
75%
2004 2 PortoBarcelona Portugal Deco
73%
1963 1 Dynamo Moscow Soviet Union Lev Yashin
71%
1960 1 Barcelona Spain Luis Suarez
71%
1961 2 BarcelonaInter Spain Luis Suarez
71%
1964 2 Inter Spain Luis Suarez
71%
1965 3 Inter Spain Luis Suarez
71%
1993 3 Man Utd France Eric Cantona
69%
1960 2 Real Madrid Hungary Ferenc Puskas
69%
1979 2 Bayern Munich West Germany Karl-Heinz Rummenigge
69%
1980 1 Bayern Munich Germany Karl-Heinz Rummenigge
69%
1981 1 Bayern Munich West Germany Karl-Heinz Rummenigge
69%
1993 1 Juventus Italy Roberto Baggio
69%
1994 2 Juventus Italy Roberto Baggio
69%
1995 3 Ajax Finland Jari Litmanen
67%
1990 1 Inter Germany Lothar Matthaus
67%
1991 2 Inter Germany Lothar Matthaus
67%
1998 2 Real Madrid Croatia Davor Suker
65%
1996 1 Dortmund Germany Matthias Sammer
65%
1970 2 West Ham United England Bobby Moore
63%
1988 3 AC Milan Netherlands Frank Rijkaard
63%
1989 3 AC Milan Netherlands Frank Rijkaard
63%
1991 1 Marseille France Jean-Pierre Papin
63%
1982 1 Juventus Italy Paolo Rossi
63%
1989 2 AC Milan Italy Franco Baresi
59%
1977 2 LiverpoolHamburg England Kevin Keegan
59%
1978 1 Hamburg England Kevin Keegan
59%
1979 1 Hamburg England Kevin Keegan
59%
1986 2 EvertonBarcelona England Gary Lineker
57%
1995 2 TottenhamBayern Munich Germany Jurgen Klinsmann
57%
1956 3 Reims Real Madrid France Raymond Kopa
57%
1957 3 Real Madrid France Raymond Kopa
57%
1958 1 Real Madrid France Raymond Kopa
57%
1959 2 Real MadridReims France Raymond Kopa
57%
1956 1 Blackpool England Stanley Matthews
57%
1983 2 Liverpool Scotland Kenny Dalglish
55%
1964 1 Man Utd Scotland Denis Law
51%
1992 3 Ajax Netherlands Dennis Bergkamp
47%
1993 2 Inter Netherlands Dennis Bergkamp
47%
1986 3 Real Madrid Spain Emilio Butragueno
47%
1987 3 Real Madrid Spain Emilio Butragueno
47%
1973 2 Juventus Italy Dino Zoff
41%
1975 1 Dynamo Kyiv Soviet Union Oleg Blokhin
41%
1990 3 Inter Germany Andreas Brehme
39%
1963 2 AC Milan Italy Gianni Rivera
39%
1969 1 AC Milan Itlay Gianni Rivera
39%
1958 3 Reims France Just Fontaine
39%
1967 1 Ferencvaros Hungary Florian Albert
37%
1959 3 Juventus Wales John Charles
35%
1982 3 Juventus Poland Zbigniew Boniek
35%
1977 1 Monchengladbach Denmark Allan Simonsen
33%
1983 3 Vejle Denmark Allan Simonsen
33%
1961 1 Juventus Italy Omar Sivori
31%
1997 2 Real Madrid FR Yugoslavia Predrag Mijatovic
31%
1990 2 Juventus Italy Salvatore Schillaci
31%
1986 1 Dynamo Kyiv Soviet Union Igor Belanov
29%
1962 1 Dukla Prague Czechoslovakia Josef Masopust
29%
1981 2 Bayern Munich West Germany Paul Breitner
29%
1987 2 PortoAtletico Madrid Portugal Paulo Futre
29%
1980 2 Barcelona West Germany Bernd Schuster
27%
1981 3 Barcelona West Germany Bernd Schuster
27%
1991 2 Red Star Belgrade Yugoslavia Dejan Savicevic
27%
1960 3 Hamburg West Germany Uwe Seeler
27%
1963 3 Tottenham England Jimmy Greaves
25%
1984 2 Bordeaux France Jean Tigana
24%
1971 2 Inter Italy Sandro Mazzola
24%
1982 2 Bordeaux France Alain Giresse
22%
1965 2 Inter Italy Giacinto Facchetti
22%
1979 3 Ajax Netherlands Ruud Krol
22%
1978 2 Barcelona Austria Hans Krankl
18%
1967 3 Celtic Scotland Jimmy Johnstone
18%
1985 3 Barcelona West Germany Bernd Elkjaer
16%
1957 3 Man Utd England Duncan Edwards
16%
1972 2 Monchengladbach West Germany Gunter Netzer
16%
1958 2 Rot-Weiss Essen West Germany Helmut Rahn
16%
1984 3 Hellas Verona Denmark Preben Elkjaer
16%
1985 2 Hellas Verona Demark Preben Elkjaer
16%
1991 3 Red Star Belgrade Yugoslavia Robert Prosinecki
16%
1957 2 Wolves England Billy Wright
14%
1991 2 Red Star Belgrade Yugoslavia Darko Pancev
14%
1976 2 Anderlecht Netherlands Rob Rensenbrink
14%
1978 3 Anderlecht Netherlands Rob Rensenbrink
14%
1964 3 Real Madrid Spain Amancio
10%
1961 3 Fulham England Johnny Haynes
10%
1974 3 Legia Warsaw Poland Kazimierz Deyna
10%
1968 3 Red Star Belgrade Yugoslavia Dragan Dzajic
2%
1976 3 Dukla Prague Czechoslovakia Ivo Viktor
2%
1962 3 Koln West Germany Karl-Heinz Schnellinger
2%
No matching quizzes found
Score Distribution
Percent of People with Each Score
Percentile by Number Answered
Your Score History
You have not taken this quiz